00688cam a2200217 a 4500020002500000020002200025020002800047020003100075040000800106082002600114245008300140260004400223300003500267650001600302650002500318700002400343700002100367856005800388942000700446999001700453 a9780821367254 (pbk.) a0821367250 (pbk.) a0821367269 (electronic) a9780821367261 (electronic) cDLC00a364 WOR 2007 A016 Or.04aThe many faces of corruption :btracking vulnerabilities at the sector level / aWashington, D.C. :bWorld Bank,cc2007. axxxi, 447 p. :bill. ;c26 cm. 0aCorruption. 0aEconomic development1 aCampos, J. Edgardo.1 aPradhan, Sanjay.41uhttp://www.loc.gov/catdir/toc/ecip073/2006034749.html cEK c11597d11597